000 00520nam a2200193Ia 4500
001 10248
003 GE_BSU
008 181216s||||||||xx |||||||||||||| ||und||
040 _cGE_BSU
100 _aსაჯაია,ალექსანდრე
245 _aლექსები
245 _cრედ.ა.მაშაშვილი
260 _aთბილისი
260 _bსაბლიტგამი
260 _c1940
300 _a72გვ.19სმ.
653 _a821.353.1–1
942 _cBK
999 _c43517
_d43517